| 000 | 00679cam a2200217 a 4500 | ||
|---|---|---|---|
| 001 | 000018333 | ||
| 005 | 20200929165447.0 | ||
| 008 | 770208s1966 ag 000 p spa d | ||
| 040 |
_aDO-SdBNP _bspa _cLC _dBNPHU |
||
| 042 | _apremarc | ||
| 082 |
_aA861.44 _bC216p |
||
| 100 | 1 |
_aCandegabe, Nelly. _939712 |
|
| 245 | 1 | 3 |
_aLa piel distante / _cNelly Candegabe ; ilustraciones Elbio Fernández. |
| 260 |
_aBuenos Aires : _bIsmael B. Colombo, _c1966. |
||
| 300 |
_a59 p. ; _c21 cm. |
||
| 650 | 4 |
_aPoesía argentina _93859 |
|
| 650 | 4 |
_aLiteratura argentina _ySIGLO XX _914711 |
|
| 700 | 1 |
_aFernández, Elbio, _eill. _939713 |
|
| 910 | _aCatalogación derivada / LC | ||
| 049 | _aBNGR | ||
| 999 |
_c17854 _d17854 |
||